Statistics for Dragula Contestants (S1 and S2)

Click here to take the quiz!

General Stats

  • This quiz has been taken 134 times
  • The average score is 16 of 19

Answer Stats

Answer% Correct
Meatball
95%
Vander Von Odd
94%
Biqtch Puddin
91%
Loris
91%
James Majesty
89%
Dahli
88%
Victoria Elizabeth Black
88%
Abhora
85%
Erika Klash
85%
Felony Dodger
81%
Disasterina
80%
Pinche
80%
Kendra Onixxx
78%
Xochi Mochi
78%
Monikkie Shame
77%
Frankie Doom
76%
Melissa Befierce
76%
Ursula Major
76%
Foxie Adjuia
61%

Score Distribution

Percentile by Number Answered

Percent of People with Each Score

Your Score History

You have not taken this quiz